BIBLIOTECA PODER JUDICIAL
Portal Judicial TDF

Un caso que evidencia los riesgos de la implementación del diagnóstico genético preimplantatorio / (Registro nro. 6267)

000 -LEADER
fixed length control field 01326nab a22002297a 4500
003 - CONTROL NUMBER IDENTIFIER
control field OSt
005 - DATE AND TIME OF LATEST TRANSACTION
control field 20260128023516.0
008 - FIXED-LENGTH DATA ELEMENTS--GENERAL INFORMATION
fixed length control field 190514b xxu||||| |||| 00| 0 spa d
040 ## - CATALOGING SOURCE
Transcribing agency PJ
100 ## - MAIN ENTRY--PERSONAL NAME
9 (RLIN) 6700
Personal name Morquecho, Lara
245 10 - TITLE STATEMENT
Title Un caso que evidencia los riesgos de la implementación del diagnóstico genético preimplantatorio /
Statement of responsibility, etc Lara Morquecho.
300 ## - PHYSICAL DESCRIPTION
Extent p. 36-45
500 ## - GENERAL NOTE
General note Cita: TR LALEY AR/DOC/2707/2025.
505 ## - FORMATTED CONTENTS NOTE
Formatted contents note Sumario: I. Introducción.— II. El diagnóstico genético preimplantatorio (DGP).— III. El caso sobre responsabilidad civil de los médicos y la clínica ante la falencia del DGP: "D. M., I. L. y otros c. Fecunditas Medicina de Alta Complejidad y otros s/ daños y perjuicios - resp. prof. médicos y aux.".— IV. Algunas ¿conclusiones?.
505 ## - FORMATTED CONTENTS NOTE
Title Fallo comentado: JNCiv. Nro. 42 ~ 12/05/2025 ~ D. M., I. L. y otros c. Fecunditas Medicina de Alta Complejidad y otros s/ daños y perjuicios - resp. prof. médicos y aux.
650 #0 - SUBJECT ADDED ENTRY--TOPICAL TERM
9 (RLIN) 967
Topical term or geographic name as entry element DERECHO DE FAMILIA
650 #0 - SUBJECT ADDED ENTRY--TOPICAL TERM
9 (RLIN) 3351
Topical term or geographic name as entry element MALA PRAXIS
650 #0 - SUBJECT ADDED ENTRY--TOPICAL TERM
9 (RLIN) 5291
Topical term or geographic name as entry element GENÉTICA HUMANA
650 #0 - SUBJECT ADDED ENTRY--TOPICAL TERM
9 (RLIN) 1057
Topical term or geographic name as entry element JURISPRUDENCIA APLICABLE
773 0# - HOST ITEM ENTRY
Host Biblionumber 2844
Host Itemnumber 3222
Place, publisher, and date of publication Buenos Aires : AbeledoPerrot, 1989-
Title Derecho de familia. Revista Interdisciplinaria de doctrina y jurisprudencia. Diciembre 2025-VI.
International Standard Book Number 18511201
942 ## - ADDED ENTRY ELEMENTS (KOHA)
Source of classification or shelving scheme
Koha item type Analítica Artículo de Revista

No hay ítems disponibles.

12 de Octubre 789 Ushuaia - Tel:  54(02901)441571
Horario de Atención: 8.00 a 17.00 hs. 
bibliotecaush@justierradelfuego.gov.ar
koha@justierradelfuego.gov.ar
Seguinos en nuestras redes @bibliojustdf 

Con tecnología Koha